South Eastern Kenya University

Library Online Public Access Catalogue


Collision / (Record no. 9524)

MARC details
000 -LEADER
fixed length control field 00517cam a2200169 a 4500
020 ## - ISBN
International Standard Book Number 9780525950288
020 ## - ISBN
International Standard Book Number 0525950281
050 00 - LIBRARY OF CONGRESS CALL NUMBER
Classification Number PS3601.B36
Item Number C65 2008
100 1# - MAIN ENTRY--Author
Personal name Abbott, Jeff.
245 10 - TITLE
Title Collision /
Statement of responsibility, etc Jeff Abbott.
260 ## - PUBLICATION, DISTRIBUTION, ETC.(IMPRINT)
Place of publication, distribution, etc New York :
Name of publisher, distributor, etc Dutton,
Date of publication, distribution, etc c2008.
300 ## - PHYSICAL DESCRIPTION
Extent 320 p. ;
650 ## - SUBJECT--TOPIC
General subdivision Assassins ;
-- Austin (Tex.).
856 42 - URL/ELECTRONIC LOCATION AND ACCESS
Uniform Resource Identifier <a href="http://www.loc.gov/catdir/enhancements/fy0902/2007039478-b.html">http://www.loc.gov/catdir/enhancements/fy0902/2007039478-b.html</a>
856 42 - URL/ELECTRONIC LOCATION AND ACCESS
Uniform Resource Identifier <a href="http://www.loc.gov/catdir/enhancements/fy0902/2007039478-d.html">http://www.loc.gov/catdir/enhancements/fy0902/2007039478-d.html</a>
942 ## - ADDED ENTRY ELEMENTS(KOHA)
Source of classification or shelving scheme Library of Congress Classification
Koha item type General circulation
Holdings
Source of classification or shelving scheme Not for loan Location (home branch) Sublocation (holding branch) Shelving location Date accessioned Cost, normal purchase price Full call number Barcode Cost, replacement price Nonpublic note Koha item type Public note
Library of Congress Classification   Main Campus Library Main Campus Library   21/10/2015 925.00 PS3601.B36 C65 2008 2015/008970 1017.00 Nzk General circulation Nzk
Kitui, Kenya.
+254736116989
library@seku.ac.ke